| 000 | 00787nam a22002177a 4500 | ||
|---|---|---|---|
| 999 |
_c63703 _d63703 |
||
| 005 | 20240530110654.0 | ||
| 008 | 171218s2015 ua a g b 000 0 ara d | ||
| 017 |
_a1995/11027 _bمصر. دار الكتب |
||
| 020 | _a977270241 | ||
| 040 |
_aEG-CaGPL _cEG-CaGPL |
||
| 082 | 0 | 4 |
_221 _a815.04\ _bن ف |
| 100 | 0 | _aنجاة على | |
| 245 | 1 | 0 |
_aفن الالقاء بين النظرية والتطبيق / _bنجاة على ؛ تقديم مختار السويفى . |
| 250 | _aط.5 | ||
| 260 |
_aالقاهرة : _bالدار المصرية اللبنانية ، _c2015 . |
||
| 300 |
_a207 ص. ؛ _c24 سم. |
||
| 650 | 0 | 7 |
_2qrmak _aوسائل الاعلام |
| 700 | 0 |
_aمختار السويفى _eمقدم |
|
| 942 |
_2ddc _cBK |
||